000 00927nam a2200277Ia 4500
003 OSt
005 20221005104419.0
006 a|||||r|||| 00| 0
007 ta
008 221004b |||||||| |||| 00| 0 hin d
020 _cINR 100.00
024 _a45606
037 _bBW/1691, 15/03/2018, Bookwell
_cTextual
040 _aCRL
_cCRL
_bhin
041 _2hin
_ahin
082 _aO152,3M80,67, Q3
100 _aप्रेमचन्द, ले.
245 0 _aदुर्गादास
246 _aDurgādāsa
260 _aदिल्ली
_bभारतीय ज्ञानपीठ भारत
_c2013
300 _a92पृ0
_ccm.
650 _a हिन्दी साहित्य
650 _aहिन्दी कहानी
942 _hO152,3M80,67, Q3
_cTEXL
_2cc
999 _c1012645
_d1012645